000 00322cam a2200121ua 4500
082 _a628.114
_bMIC/WA
100 _aMichael, A.M.
_9114
245 _aWater well and pump engineering /
260 _aNew Delhi :
_bTata Mc-Graw Hill Publishing Company ,
_c1985.
300 _a930 ; .
500 _a** Reference
942 _cBK
999 _c10091
_d10091